Statistics for Winning Lottery Numbers - UK

Click here to take the quiz!

General Stats

  • This quiz has been taken 46 times
  • The average score is 5 of 6

Answer Stats

FrequencyWinning Number% Correct
202
100%
2114
97%
2137
81%
2138
81%
2040
77%
2154
61%

Score Distribution

Percentile by Number Answered

Percent of People with Each Score

Your Score History

You have not taken this quiz